000
00210 a2200097 4500
001
7099
100
_a
Ashley, R.J
245
_a
Problems in engineering structures
260
_a
_b
E.L.B
_c
090
_c
5869
_d
5869
942
_a
NUST-CAE
_c
M
_c
32343
999
_c
242172
_d
242172